Introduction to management accounting (Record no. 3347)
[ view plain ]
| 000 -LEADER | |
|---|---|
| fixed length control field | 00853nam a22002537a 4500 |
| 003 - CONTROL NUMBER IDENTIFIER | |
| control field | URS |
| 005 - DATE AND TIME OF LATEST TRANSACTION | |
| control field | 20220114142451.0 |
| 008 - FIXED-LENGTH DATA ELEMENTS--GENERAL INFORMATION | |
| fixed length control field | 190517s2000 njuaa b 001 0 eng |
| 020 ## - INTERNATIONAL STANDARD BOOK NUMBER | |
| International Standard Book Number | 9814058181 |
| 035 ## - SYSTEM CONTROL NUMBER | |
| System control number | (OCoLC)ocn464594406 |
| 040 ## - CATALOGING SOURCE | |
| Transcribing agency | URS |
| Modifying agency | rda |
| Language of cataloging | eng |
| 042 ## - AUTHENTICATION CODE | |
| Authentication code | pcc |
| 050 00 - LIBRARY OF CONGRESS CALL NUMBER | |
| Classification number | HF 5635 |
| Item number | .H8162 2000 |
| 100 ## - MAIN ENTRY--PERSONAL NAME | |
| Personal name | Horngren, Charles T. |
| 245 30 - TITLE STATEMENT | |
| Title | Introduction to management accounting |
| Statement of responsibility, etc. | Charles T. Horngren, Gary L. Sundem, William O. Strattom |
| 250 ## - EDITION STATEMENT | |
| Edition statement | Eleventh edition |
| 260 ## - PUBLICATION, DISTRIBUTION, ETC. | |
| Place of publication, distribution, etc. | New Jersey: |
| Name of publisher, distributor, etc. | Prentice Hall, |
| Date of publication, distribution, etc. | [2000] |
| 300 ## - PHYSICAL DESCRIPTION | |
| Extent | xx, 750,pages |
| Other physical details | with illustrations |
| Dimensions | 29 cm. |
| 504 ## - BIBLIOGRAPHY, ETC. NOTE | |
| Bibliography, etc. note | Includes bibliographical references and index. |
| 524 ## - PREFERRED CITATION OF DESCRIBED MATERIALS NOTE | |
| Preferred citation of described materials note | Horngren, C.T (2000). Introduction management accounting/ New Jersey, Prentice Hall. |
| 650 #0 - SUBJECT ADDED ENTRY--TOPICAL TERM | |
| Topical term or geographic name entry element | Managerial accounting. |
| 700 ## - ADDED ENTRY--PERSONAL NAME | |
| Personal name | Sundem, Gary L. |
| 942 ## - ADDED ENTRY ELEMENTS (KOHA) | |
| Source of classification or shelving scheme | Library of Congress Classification |
| Koha item type | Foreign Books |
| Withdrawn status | Source of classification or shelving scheme | Damaged status | Not for loan | Collection code | Home library | Current library | Shelving location | Date acquired | Total Checkouts | Full call number | Barcode | Date last seen | Price effective from | Koha item type |
|---|---|---|---|---|---|---|---|---|---|---|---|---|---|---|
| Library of Congress Classification | Non-fiction | Cainta College Library | Cainta College Library | On Display | 05/17/2019 | HF 5635.H8162 2000 | URSCAI-5122 | 11/04/2016 | 11/04/2016 | Foreign Books |